000 00625nam a2200277Ia 4500
005 20260324150747.0
008 008 260324s9999 xx 000 0 eng d
020 _a9780203845547
037 _aEBOOK
040 _aCRL
040 _beng
040 _cCRL
041 _2eng
041 _aeng
084 _qCRL
100 _aHugh Byas
_91227516
245 0 _aGovernment by Assassination
260 _bTaylor and Francis
260 _c1943
365 _a
365 _b290
856 _uhttp://www.taylorfrancis.com/books/9780203845547
942 _cEBOOK
999 _c1837558
_d1837558